Влияние концентрации ацетата натрия на электрохимическое окисление меди переменным током; Химия и химическая технология в XXI веке; Т. 1

Бібліографічні деталі
Parent link:Химия и химическая технология в XXI веке: материалы XIV Всероссийской научно-практической конференции имени профессора Л.П. Кулёва студентов и молодых ученых с международным участием, Томск, 13-16 мая 2013 г/ Национальный исследовательский Томский политехнический университет (ТПУ); Институт природных ресурсов (ИПР) ; Институт физики высоких технологий (ИФВТ) ; Физико-технический институт (ФТИ).— , 2013
Т. 1.— 2013.— [С. 92-93]
Автор: Рыбалко И. В.
Співавтор: Национальный исследовательский Томский политехнический университет (ТПУ) Институт природных ресурсов (ИПР) Кафедра общей химической технологии (ОХТ)
Інші автори: Горлушко Д. А. Дмитрий Александрович (научный руководитель)
Резюме:Заглавие с титульного экрана
Мова:Російська
Опубліковано: 2013
Серія:Химия и химическая технология неорганических веществ и материалов
Предмети:
Онлайн доступ:http://www.lib.tpu.ru/fulltext/c/2013/C27/V1/044.pdf
Формат: MixedMaterials Електронний ресурс Частина з книги
KOHA link:https://koha.lib.tpu.ru/cgi-bin/koha/opac-detail.pl?biblionumber=241724

MARC

LEADER 00000naa2a2200000 4500
001 241724
005 20251217140938.0
035 |a (RuTPU)RU\TPU\book\263011 
035 |a RU\TPU\book\263010 
090 |a 241724 
100 |a 20130819d2013 k y0rusy50 ca 
101 0 |a rus 
102 |a RU 
135 |a drcn ---uucaa 
181 0 |a i  
182 0 |a b 
200 1 |a Влияние концентрации ацетата натрия на электрохимическое окисление меди переменным током  |f И. В. Рыбалко  |g науч. рук. Д. А. Горлушко 
203 |a Текст  |c электронный 
225 1 |a Химия и химическая технология неорганических веществ и материалов 
300 |a Заглавие с титульного экрана 
320 |a [Библиогр.: с. 93 (5 назв.)] 
337 |a Adobe Reader 
461 1 |0 (RuTPU)RU\TPU\book\259433  |t Химия и химическая технология в XXI веке  |o материалы XIV Всероссийской научно-практической конференции имени профессора Л.П. Кулёва студентов и молодых ученых с международным участием, Томск, 13-16 мая 2013 г  |o в 2 т.  |f Национальный исследовательский Томский политехнический университет (ТПУ); Институт природных ресурсов (ИПР) ; Институт физики высоких технологий (ИФВТ) ; Физико-технический институт (ФТИ)  |d 2013 
463 1 |0 (RuTPU)RU\TPU\book\259435  |t Т. 1  |v [С. 92-93]  |d 2013 
610 1 |a труды учёных ТПУ 
610 1 |a электронный ресурс 
610 1 |a ацетат натрия 
610 1 |a электрохимическое окисление 
610 1 |a медь 
610 1 |a концентрация 
700 1 |a Рыбалко  |b И. В. 
702 1 |a Горлушко  |b Д. А.  |c российский химик-технолог  |c старший преподаватель Томского политехнического университета, кандидат химических наук  |f 1981-  |g Дмитрий Александрович  |3 (RuTPU)RU\TPU\pers\27896  |4 727 
712 0 2 |a Национальный исследовательский Томский политехнический университет (ТПУ)  |b Институт природных ресурсов (ИПР)  |b Кафедра общей химической технологии (ОХТ)  |3 (RuTPU)RU\TPU\col\18654 
801 2 |a RU  |b 63413507  |c 20130829  |g RCR 
856 4 |u http://www.lib.tpu.ru/fulltext/c/2013/C27/V1/044.pdf 
942 |c CF